00623 2200241 4500001002100000005001500021035002000036245003700056260003800093300004700131500001100178850001200189990002000201006001800221007000300239008004100242020002300283020001800306040001700324082001100341084001500352090001400367INLIS00000000003276820260521104132 a0010-0526000002 aScholastic children's dictionary aNew York : :bScholastic,,c2007. aviii, 664 hlm. :bilus. berwarna ;c25 cm. aIndeks aJKPNPNA a1270/PN-LT/2009aa g 001 0ta260521 0 eng  a978-0-545---2455-6 a0-545-02455-2 aJKPNPNAbeng a001.03 a001.03 SCH aR 423 SCH